| 000 | 00473nam a2200193 a 4500 | ||
|---|---|---|---|
| 001 | 2651 | ||
| 003 | CO-ViMGA | ||
| 008 | 141112s2004 ck r 000 u spa d | ||
| 040 |
_aCO-ViMGA _bspa _cCO-ViMGA |
||
| 082 | 0 | 4 | _a745.5 G781 |
| 100 | 1 |
_aGrubel, Hildergard _95010 |
|
| 245 | 1 | 0 | _aEstrellas de paja |
| 260 |
_aBarcelona : _bCeac, _c1987 |
||
| 300 | _a64 p : il | ||
| 490 | _aNuevas ideas | ||
| 650 | 1 | 4 |
_aADORNOS _95011 |
| 650 | 1 | 4 |
_aARTESANIAS _94191 |
| 942 |
_2ddc _cBK |
||
| 999 |
_c14726 _d14726 |
||